Good English; (Record no. 543497)

000 -LEADER
fixed length control field 00423cam a22001451 4500
082 ## - DEWEY DECIMAL CLASSIFICATION NUMBER
Classification number 421
Author Mark VAl
100 1# - MAIN ENTRY--PERSONAL NAME
Personal name Vallins, George Henry.
9 (RLIN) 38875
245 10 - TITLE STATEMENT
Title Good English;
Remainder of title how to write it.
Statement of responsibility, etc. G.H. Vallins
250 ## - EDITION STATEMENT
Edition statement [New, enl. and rev. ed.
260 ## - PUBLICATION, DISTRIBUTION, ETC.
Place of publication, distribution, etc. London]
Name of publisher, distributor, etc. A. Deutsch
Date of publication, distribution, etc. [1952, c1951]
300 ## - PHYSICAL DESCRIPTION
Extent 214 p.
Dimensions 23 cm.
526 ## - STUDY PROGRAM INFORMATION NOTE
Program name 0
Interest level 0
Reading level 0
Title point value 421_000000000000000_VAL
650 #0 - SUBJECT ADDED ENTRY--TOPICAL TERM
Topical term or geographic name entry element MCE
General subdivision Rhetoric.
9 (RLIN) 38876
942 ## - ADDED ENTRY ELEMENTS (KOHA)
Source of classification or shelving scheme
Koha item type Book
Holdings
Withdrawn status Lost status Source of classification or shelving scheme Damaged status Not for loan Permanent Location Current Location Date acquired Total Checkouts Full call number Barcode Date last seen Price effective from Koha item type
          Military College of Engineering (MCE) Military College of Engineering (MCE) 03/26/2014   421 VAl MCE-2820/1 03/26/2014 03/26/2014 Book
© 2023 Central Library, National University of Sciences and Technology. All Rights Reserved.